[Event "GER-chT U14 Girls"]
[Site "Magdeburg"]
[Date "2015.12.28"]
[Round "3.1"]
[White "Kirsten, Annika"]
[Black "Glinzner, Alva"]
[Result "1/2-1/2"]
[WhiteElo "1515"]
[BlackElo "1484"]
[PlyCount "42"]
[EventDate "2015.12.27"]
[EventType "team-swiss"]
[EventRounds "7"]
[EventCountry "GER"]
[SourceTitle "EXT 2017"]
[Source "ChessBase"]
[SourceDate "2016.10.25"]
[SourceVersion "1"]
[SourceVersionDate "2016.10.25"]
[SourceQuality "1"]
[WhiteTeam "Coethen Germania"]
[BlackTeam "Luebeck"]
[WhiteTeamCountry "GER"]
[BlackTeamCountry "GER"]

1. e4 c6 2. d4 d5 3. exd5 cxd5 4. c4 e6 5. Nc3 Nf6 6. Bg5 Bb4 7. Qf3 dxc4 8. Bxf6 gxf6 9. Qe3 Nc6 10. Nf3 Ne7 11. Bxc4 Rg8 12. 0-0 Qc7 13. Bb5+ Bd7 14. Bxd7+ Qxd7 15. Ne4 Nd5 16. Qh6 Qe7 17. Rac1 Rg6 18. Qh4 Qf8 19. Ng3 Qg7 20. Qe4 Kf8 21. Rc4 Kg8 1/2-1/2

[Event "GER-chT U14 Girls"]
[Site "Magdeburg"]
[Date "2015.12.28"]
[Round "4.1"]
[White "Walow, Xenia"]
[Black "Kirsten, Annika"]
[Result "1-0"]
[WhiteElo "1610"]
[BlackElo "1515"]
[PlyCount "89"]
[EventDate "2015.12.27"]
[EventType "team-swiss"]
[EventRounds "7"]
[EventCountry "GER"]
[SourceTitle "EXT 2017"]
[Source "ChessBase"]
[SourceDate "2016.10.25"]
[SourceVersion "1"]
[SourceVersionDate "2016.10.25"]
[SourceQuality "1"]
[WhiteTeam "Paderborn Blauer Springer"]
[BlackTeam "Coethen Germania"]
[WhiteTeamCountry "GER"]
[BlackTeamCountry "GER"]

1. d4 e6 2. Nf3 Nf6 3. Bf4 g6 4. e3 Bg7 5. c3 0-0 6. Nbd2 Nc6 7. Bd3 d6 8. 0-0 Re8 9. Bg3 e5 10. dxe5 dxe5 11. Bb5 e4 12. Nd4 Bd7 13. Nxc6 Bxc6 14. Bxc6 bxc6 15. Nb3 Qe7 16. h3 Rad8 17. Qe2 Nd5 18. Qa6 Ra8 19. Qxc6 Rad8 20. Qc4 Be5 21. Bxe5 Qxe5 22. Nd4 Nb6 23. Qe2 Qd5 24. Rfd1 Qb7 25. Nb3 Nd5 26. Rd2 Rd7 27. Nc5 Nxc3 28. bxc3 Rxd2 29. Qxd2 Qc6 30. Nb3 Qb5 31. Rd1 Qb6 32. Qd7 Rf8 33. Qe7 Qa6 34. Rd8 Rxd8 35. Qxd8+ Kg7 36. Qd4+ Kg8 37. Qxe4 Qxa2 38. Nd4 Qa1+ 39. Kh2 Qxc3 40. Qa8+ Kg7 41. Qxa7 Qc4 42. Qa1 Kg8 43. Qa8+ Kg7 44. Qe4 c5 45. Nf5+ 1-0

[Event "GER-ch U12"]
[Site "Willingen"]
[Date "2015.05.25"]
[Round "3"]
[White "Henning, Marvin"]
[Black "Kirsten, Annika"]
[Result "1-0"]
[WhiteElo "1699"]
[BlackElo "1449"]
[PlyCount "61"]
[EventDate "2015.05.24"]
[EventType "swiss"]
[EventRounds "11"]
[EventCountry "GER"]
[SourceTitle "CBM 166 Extra"]
[Source "ChessBase"]
[SourceDate "2015.06.18"]
[SourceVersion "1"]
[SourceVersionDate "2015.06.18"]
[SourceQuality "1"]

1. e4 e5 2. Nf3 Nc6 3. Bb5 a6 4. Ba4 b5 5. Bb3 Nf6 6. Ng5 d5 7. exd5 Nxd5 8. Qf3 Be6 9. Nxe6 fxe6 10. Nc3 Nce7 11. 0-0 Nf4 12. d3 Neg6 13. g3 Nh3+ 14. Kg2 Nhf4+ 15. Kh1 b4 16. Qc6+ Kf7 17. gxf4 Nxf4 18. Bxf4 Qe8 19. Qxe8+ Rxe8 20. Bxe5 bxc3 21. Bxc3 Bd6 22. f4 Rhf8 23. f5 Kg8 24. fxe6 Be7 25. Rf7 Bf6 26. Bxf6 gxf6 27. Rg1+ Kh8 28. e7 Rg8 29. Rxg8+ Rxg8 30. Rf8 c5 31. Rxg8# 1-0

[Event "GER-chT U14"]
[Site "Regensburg"]
[Date "2014.12.27"]
[Round "1.4"]
[White "Goetz, Michael"]
[Black "Kirsten, Annika"]
[Result "0-1"]
[WhiteElo "1314"]
[BlackElo "1428"]
[PlyCount "56"]
[EventDate "2014.12.27"]
[EventType "team-swiss"]
[EventRounds "7"]
[EventCountry "GER"]
[SourceTitle "EXT 2016"]
[Source "ChessBase"]
[SourceDate "2015.10.08"]
[SourceVersion "1"]
[SourceVersionDate "2015.10.08"]
[SourceQuality "1"]
[WhiteTeam "Porta Westfalica"]
[BlackTeam "Magdeburg Aufbau Elbe"]
[WhiteTeamCountry "GER"]
[BlackTeamCountry "GER"]

1. c4 c5 2. Nc3 g6 3. g3 Bg7 4. Bg2 d6 5. d3 Nc6 6. e3 e6 7. Nge2 Nge7 8. 0-0 d5 9. cxd5 exd5 10. d4 cxd4 11. exd4 0-0 12. Rb1 Bf5 13. Ra1 Rc8 14. Bf4 Qd7 15. Re1 Nb4 16. Rc1 Nd3 17. g4 Nxe1 18. gxf5 Nxg2 19. Kxg2 Qxf5 20. Qd2 Nc6 21. Nb5 Qg4+ 22. Bg3 Rcd8 23. h3 Qe4+ 24. Kh2 Qe6 25. Qc3 Qxe2 26. Na3 Bxd4 27. Qc2 Rfe8 28. Kg1 Bxb2 0-1

[Event "GER-ch U12"]
[Site "Magdeburg"]
[Date "2014.06.14"]
[Round "11"]
[White "Leimbach, Tim Vincent"]
[Black "Kirsten, Annika"]
[Result "1/2-1/2"]
[WhiteElo "1284"]
[BlackElo "1323"]
[PlyCount "45"]
[EventDate "2014.06.08"]
[EventType "swiss"]
[EventRounds "11"]
[EventCountry "GER"]
[SourceTitle "CBM 160 Extra"]
[Source "ChessBase"]
[SourceDate "2014.07.01"]
[SourceVersion "1"]
[SourceVersionDate "2014.07.01"]
[SourceQuality "1"]

1. e4 c5 2. Nc3 d6 3. Bc4 Nf6 4. d3 g6 5. f4 e6 6. Nf3 Bg7 7. 0-0 0-0 8. a3 Nc6 9. Qe1 d5 10. Ba2 dxe4 11. dxe4 e5 12. Qf2 Re8 13. fxe5 Nxe5 14. Qxc5 Nxf3+ 15. Rxf3 Be6 16. Bxe6 Rxe6 17. Qb4 Nxe4 18. Be3 Nxc3 19. bxc3 Qc7 20. Rb1 b6 21. Bf4 Qc6 22. Rbf1 Rae8 23. Bg3 1/2-1/2

[Event "GER-ch U12"]
[Site "Magdeburg"]
[Date "2014.06.08"]
[Round "2"]
[White "Kirsten, Annika"]
[Black "Albert, Eske"]
[Result "1-0"]
[WhiteElo "1323"]
[BlackElo "893"]
[PlyCount "61"]
[EventDate "2014.06.08"]
[EventType "swiss"]
[EventRounds "11"]
[EventCountry "GER"]
[SourceTitle "CBM 160 Extra"]
[Source "ChessBase"]
[SourceDate "2014.07.01"]
[SourceVersion "1"]
[SourceVersionDate "2014.07.01"]
[SourceQuality "1"]

1. d4 d5 2. Nf3 Nc6 3. e3 Nf6 4. Bd3 Bg4 5. Nbd2 e6 6. 0-0 Bb4 7. c3 Ba5 8. e4 0-0 9. Re1 Re8 10. a4 Bb6 11. e5 Nd7 12. Nf1 Ne7 13. Ng3 Nf5 14. h3 Bxf3 15. Qxf3 Nh4 16. Qh5 Nf8 17. Bg5 f6 18. Bxh4 g6 19. Qg4 Nd7 20. Bxg6 hxg6 21. Qxg6+ Kf8 22. Bxf6 Nxf6 23. exf6 Qd7 24. Qh6+ Kg8 25. Re5 Qh7 26. Rg5+ Kh8 27. Qxh7+ Kxh7 28. Re1 Kh6 29. Ree5 Rad8 30. Rg4 Rd6 31. Rh5# 1-0

[Event "GER-chT North U14"]
[Site "Magdeburg"]
[Date "2013.09.15"]
[Round "7.4"]
[White "Kirsten, Annika"]
[Black "Troemer, Felix"]
[Result "0-1"]
[WhiteElo "1012"]
[BlackElo "1162"]
[PlyCount "92"]
[EventDate "2013.09.12"]
[EventType "team-swiss"]
[EventRounds "7"]
[EventCountry "GER"]
[SourceTitle "EXT 2014"]
[Source "ChessBase"]
[SourceDate "2013.11.20"]
[SourceVersion "1"]
[SourceVersionDate "2013.11.20"]
[SourceQuality "1"]
[WhiteTeam "Magdeburg Aufbau Elbe"]
[BlackTeam "Torgelow"]
[WhiteTeamCountry "GER"]
[BlackTeamCountry "GER"]

1. e4 d5 2. exd5 Qxd5 3. Nc3 Qa5 4. d4 c6 5. Bc4 Nf6 6. Bd2 Qc7 7. Nf3 Bf5 8. Qe2 e6 9. 0-0-0 Nbd7 10. Ne5 Nxe5 11. dxe5 Nd5 12. g4 Bg6 13. f4 0-0-0 14. h4 h5 15. Qf3 hxg4 16. Qxg4 Bh5 17. Qg1 Nb6 18. Be2 Bxe2 19. Nxe2 Kb8 20. Ba5 Rxd1+ 21. Qxd1 Be7 22. Qg1 g6 23. Nc3 Rxh4 24. Rxh4 Bxh4 25. Na4 Bd8 26. c4 c5 27. b4 cxb4 28. c5 Qc6 29. Nxb6 axb6 30. Bxb4 Be7 31. Kb1 Qe4+ 32. Ka1 Qxb4 33. cxb6 Bc5 34. Qxc5 Qxc5 35. a4 Qa3+ 36. Kb1 Qxa4 37. Kb2 Kc8 38. Kc3 Kd7 39. Kd3 Qxf4 40. Kc2 Kc6 41. Kd3 Kc5 42. Ke2 Qg3 43. Kf1 Qh2 44. Ke1 Kd4 45. Kf1 Ke3 46. Ke1 Qg1# 0-1

[Event "GER-ch U10"]
[Site "Oberhof"]
[Date "2012.05.27"]
[Round "1"]
[White "Rosenhain, Rachela"]
[Black "Kirsten, Annika"]
[Result "1-0"]
[WhiteElo "1368"]
[BlackElo "957"]
[PlyCount "85"]
[EventDate "2012.05.27"]
[EventType "swiss"]
[EventRounds "11"]
[EventCountry "GER"]
[SourceTitle "CBM 148 Extra"]
[Source "ChessBase"]
[SourceDate "2012.06.22"]
[SourceVersion "1"]
[SourceVersionDate "2012.06.22"]
[SourceQuality "1"]

1. e4 e5 2. Nc3 Nf6 3. f4 d6 4. Nf3 Bg4 5. fxe5 dxe5 6. h3 Bh5 7. g4 Bg6 8. d3 Nc6 9. Be3 Be7 10. Qd2 Bb4 11. 0-0-0 Qe7 12. Kb1 0-0-0 13. Qe1 Kb8 14. Bd2 Rd7 15. Ne2 Rhd8 16. Bxb4 Nxb4 17. Nc3 Qe6 18. a3 Na6 19. Be2 Qb6 20. Nxe5 Rd4 21. Nc4 Qc6 22. g5 Nh5 23. Qh4 Bf5 24. Qxh5 Bg6 25. Qf3 f6 26. gxf6 gxf6 27. Nd5 Rf8 28. Qf2 Qc5 29. Rhf1 c6 30. Nxf6 Be8 31. Qg3+ Nc7 32. Nxe8 Rxe8 33. Rf5 Qe7 34. Rdf1 Ka8 35. Rf7 Qd8 36. Qxc7 Qxc7 37. Rxc7 Red8 38. Rff7 Rb8 39. Ne5 Rd6 40. Nd7 Rd8 41. Nb6+ axb6 42. Rxb7 Rb8 43. Ra7# 1-0